ბათუმის შოთა რუსთაველის სახელმწიფო უნივერსიტეტის ბიბლიოთეკა

Эффективность комплексной мелиорации земель (ბიბ.ჩანაწერი № 45842)

000 -LEADER
fixed length control field 00677nam a2200217Ia 4500
001 - CONTROL NUMBER
control field 12671
003 - CONTROL NUMBER IDENTIFIER
control field GE_BSU
008 - FIXED-LENGTH DATA ELEMENTS--GENERAL INFORMATION
fixed length control field 181216s||||||||xx |||||||||||||| ||und||
040 ## - CATALOGING SOURCE
Transcribing agency GE_BSU
080 ## - UNIVERSAL DECIMAL CLASSIFICATION NUMBER
Universal Decimal Classification number 631.6
100 ## - MAIN ENTRY--PERSONAL NAME
Personal name Касмасов,Р.А.
245 ## - TITLE STATEMENT
Title Эффективность комплексной мелиорации земель
245 ## - TITLE STATEMENT
Statement of responsibility, etc. Под.ред.Л.М.Зальцмана. Ред.М.Л.Братская
260 ## - PUBLICATION, DISTRIBUTION, ETC.
Place of publication, distribution, etc. Москва
260 ## - PUBLICATION, DISTRIBUTION, ETC.
Name of publisher, distributor, etc. Колос
260 ## - PUBLICATION, DISTRIBUTION, ETC.
Date of publication, distribution, etc. 1976
300 ## - PHYSICAL DESCRIPTION
Extent 208стр.илл.
300 ## - PHYSICAL DESCRIPTION
Accompanying material Таблицы
653 ## - INDEX TERM--UNCONTROLLED
Uncontrolled term Эффективность комплексной мелиорации земель
942 ## - ADDED ENTRY ELEMENTS (KOHA)
Koha item type წიგნი
ეგზემპლარები
Withdrawn status Lost status Damaged status Not for loan Date acquired Barcode Date last seen Price effective from Koha item type
        2018-12-17 20990 2018-12-17 2018-12-17 წიგნი
        2018-12-17 20991 2018-12-17 2018-12-17 წიგნი
        2018-12-17 20992 2018-12-17 2018-12-17 წიგნი